| 000 | 01259nam a22003617a 4500 | ||
|---|---|---|---|
| 003 | CHAP | ||
| 005 | 20220329143145.0 | ||
| 008 | 060905d2006 mx r 00110 spa d | ||
| 010 | _a92653 | ||
| 011 | _a93625 | ||
| 035 | _a104205 | ||
| 040 | _cCHAP | ||
| 090 | _aTesis | ||
| 100 | 1 |
_aSolis Iribas, Guillermo. _9108411 |
|
| 245 | 1 | 0 |
_aDiseño de drenaje superfisial en Tres Valles, Veracruz _c/por Guillermo Solis Iribas |
| 260 |
_aChapingo, Méx. : _bEl autor, _c2006. |
||
| 300 |
_a75 h. : _bilus.; gráfs.; cuadros, mapas. |
||
| 502 | _aTesis (Ing. en Irrigación) - - UACH. Deparamento de Irrigación | ||
| 590 |
_aALEPH _b10 _c20130110 _lUCH01 _h1513 |
||
| 590 |
_aBATCH-UPD _b10 _c20130110 _lUCH01 _h0319 |
||
| 590 |
_aBATCH-UPD _b10 _c20130110 _lUCH01 _h1650 |
||
| 590 |
_aBATCH-UPD _b10 _c20130409 _lUCH01 _h2352 |
||
| 590 |
_aBATCH-UPD _b10 _c20130914 _lUCH01 _h1222 |
||
| 590 |
_aCONVERSION _b10 _c20130109 _lUCH01 _h1351 |
||
| 650 | 1 | 4 |
_aDrenaje agrícola. _934221 |
| 650 | 1 | 4 |
_aDrenaje _xVeracruz. _934217 |
| 650 | 1 | 4 |
_aLluvia _xVeracruz. _967342 |
| 901 | _aBK | ||
| 905 | _aElisama A. H. | ||
| 942 | _cFOLL | ||
| 949 |
_aTesis _bBC _cTES _d00000000104205 _eTS1 _h45448 _i104205 _sb |
||
| 949 |
_aTesis _bBC _cTES _d33724000989299 _eTS2 _fc.2 _h45449 _i104205 _sb |
||
| 999 |
_c92653 _d92653 |
||